000
00285nam a22001337a 4500
008
180226b xxu||||| |||| 00| 0 eng d
020
_a
0070448442
041
_a
eng
080
_a
621
100
_a
27
101
_a
eng
245
_a
chemical enginnering
_c
max,s.p
942
_2
udc
_c
BK
999
_c
43423
_d
43423